Hapishane defterleri : (Record no. 13718)

MARC details
000 -BAŞLIK
Sabit Uzunlukta Kontrol Alanı 01009nam a22002657a 4500
999 ## - SİSTEM KONTROL NUMARALARI (KOHA)
Koha Biblionumber 13718
Koha Biblioitemnumber 13718
003 - KONTROL NUMARASI IDENTIFIER
Denetim Alanı MIRAKIL
005 - SON İŞLEM TARİHİ VE ZAMANI
Denetim Alanı 20200120171019.0
008 - SABİT-BOY VERİ ELEMANLARI - GENEL BİLGİLER
Sabit Uzunlukta Kontrol Alanı 200120b tu ||||| |||| 00| 0 tur d
020 ## - ULUSLARARASI STANDART KİTAP NUMARASI
Uluslararası Standart Kitap Numarası 9789757399988
040 ## - KATALOGLAMA KAYNAK
Orijinal Kataloglama Ajansı TR-AnCHP
Metne Dönüştürmek Ajansı TR-AnCHP
041 ## - DİL KODU
Metin / Ses Parça Veya Ayrı Başlığın Dil Kodu tur
082 ## - DEWEY ONLU SINIFLANDIRMA NUMARASI
Sınıflandırma Numarası 320.5322092
Ürün Numarası G62h 2016
100 ## - ANA GİRİŞ - KİŞİSEL İSİM
Kişisel Ad Gramsci, Antonio
245 10 - BAŞLIK TABLOSU
Başlık Hapishane defterleri :
Başlığın Kalan tarih, poltika, felsefe ve kültür sorunları üzerine seçme metinler /
Sorumluluk Tablosu, Vb Antonio Gramsci ; Fransızcasından dilimize çeviren: Kenan Somer
246 ## - UNVAN FORM VARYING
Başlık Doğru / Kısa Başlığı tarih, poltika, felsefe ve kültür sorunları üzerine seçme metinler
250 ## - EDITION TABLOSU
Baskı Beyanı 2 bs.
260 ## - YAYIN, DAĞITIM, VB
Yayın, Dağıtım, Vb Yeri Ankara:
Yayıncı, Dağıtıcı, Vs Adı Sol yayınları,
Yayın, Dağıtım, Vb Tarihi 2016.
300 ## - FİZİKSEL TANIM
Kapsam 285 s.:
Boyutlar 19 sm.
500 ## - GENEL NOT
Genel Not Özgün yapıt adı:Lettres de prison.
600 #0 - KONU KATMA GİRİŞ - KURUMSAL ADI
9 (RLIN) 6215
Kişisel Ad Gramsci, Antonio
Başlıklar Ve Bir Adla İlişkili Diğer Kelimeler İtalyan Siyasetçi
Bir Adıyla İlişkilendirilen Tarihler 1891-1937
650 #0 - KONU KATMA GİRİŞ - TOPİKAL DÖNEM
9 (RLIN) 611
Topikal Süreli Veya Coğrafi Ad Giriş Elemanı komünizm
Coğrafi Alt Bölümü İtalya
700 ## - KATMA GİRİŞ - KİŞİSEL İSİM
9 (RLIN) 6216
Kişisel Ad Somer, Kenan
Relator Terim çev.
740 ## - KATMA GİRİŞ - KONTROLSUZ İLGİLİ / ANALİTİK BAŞLIK
Kontrol Edilmeyen / İlgili Analitik Başlıktaki tarih, poltika, felsefe ve kültür sorunları üzerine seçme metinler
942 ## - EKLENDİ GİRİŞ ELEMANLARI (KOHA)
Sınıflandırma Veya Raf Düzeni Kaynak Dewey Decimal Classification
Koha Öğesi Türü Books
Holdings
Kalıcı Konum Mevcut Konum Edinme Tarihi Toplam Check-Out'Lar Tam Çağrı Numarası Barkod Tarih Son Görülme İtibaren Geçerli Fiyatlar Koha Öğesi Türü
CHP Kütüphanesi CHP Kütüphanesi 01/20/2020   320.5322092 G62h 2016 013498 01/20/2020 01/20/2020 Books